POWER TOOLS PLUS: Справочное руководство пользователя

Bibliografske podrobnosti
Izvleček:Техническая документация.
Исключено из фонда НТБ ТПУ
Jezik:ruščina
Izdano: [Б. м.], [Б. и.], 1992
Format: Knjiga
KOHA link:https://koha.lib.tpu.ru/cgi-bin/koha/opac-detail.pl?biblionumber=28712

MARC

LEADER 00000nam0a2200000 4500
001 28712
005 20231030202938.0
035 |a (RuTPU)RU\TPU\book\28969 
035 |a BOOK00029044 
090 |a 28712 
100 |a 20011209d1992 km y0rusy50 ca 
101 0 |a rus 
102 |a RU 
105 |a y g 000zy 
200 1 |a POWER TOOLS PLUS  |e Справочное руководство пользователя 
210 |a [Б. м.]  |c [Б. и.]  |d 1992 
215 |a 318 с. 
300 |a Техническая документация. 
333 |a Исключено из фонда НТБ ТПУ 
530 1 |a Процедуры поддержки для Turbo Pascal 4.0 
801 0 |a RU  |b 63413507  |c 20011209  |g PSBO 
801 2 |a RU  |b 63413507  |c 20170601  |g PSBO 
942 |c BK